Uplatňovanie manažmentu znalostí v medzinárodných fúziách a akvizíciách

Manažment znalostí a bezpodmienečné poznanie. Úroveň ľudských znalostí. Manažment znalostí a nemenej formalizovateľné druhy poznania. Úloha manažmentu znalostí v cezhraničných fúziách a akvizíciách.

Saved in:
Bibliographic Details
Main Author: Ferenčíková, Soňa, 1960-
Other Authors: Vícenová, Alena
Format: Book Chapter
Language:Slovak
Subjects:
Tags: Add Tag
No Tags, Be the first to tag this record!

MARC

LEADER 00000naa a2200000 4500
001 0199621
005 20231128131924.1
041 0 |a slo 
044 |a CZ 
245 1 0 |a Uplatňovanie manažmentu znalostí v medzinárodných fúziách a akvizíciách  |c Soňa Ferenčíková, Alena Vícenová 
520 |a Manažment znalostí a bezpodmienečné poznanie. Úroveň ľudských znalostí. Manažment znalostí a nemenej formalizovateľné druhy poznania. Úloha manažmentu znalostí v cezhraničných fúziách a akvizíciách. 
610 2 0 |a fúzie 
610 2 0 |a akvizícia 
610 2 0 |a vedomosti 
610 2 0 |a manažment znalostný 
100 1 |a Ferenčíková, Soňa, 1960- 
700 1 |a Vícenová, Alena